| 000 | 01129nam0a22002531 4500 | ||
|---|---|---|---|
| 001 | rc\248319 | ||
| 005 | 20030307120536.1 | ||
| 035 | _a(NLR Aleph) 005504677 | ||
| 090 |
_a5342688 _c5342688 |
||
| 100 | _a20030307d1990 u |0rusy50 ca | ||
| 101 | 0 | _arus | |
| 102 | _aRU | ||
| 105 | _ay ||||||||| | ||
| 200 | 1 |
_aМЕТОДИКА проведения общеразвивающих упражнений на уроках физкультуры в школе _eМетод. рекомендации для студентов фак. физ. воспитания и учителей физ. культуры _fМ-во нар. образования БССР. Витеб. гос. пед. ин-т им. С.М. Кирова _g[Сост. доц., к. б. н. Смирнова Л.А.] |
|
| 210 |
_aВитебск _cБ. и. _d1990 |
||
| 215 |
_a[1], 32 с. _d20 |
||
| 320 | _aБиблиогр.: с. 31-32 | ||
| 702 | 1 |
_aСмирнова _bЛ. А. _4220 |
|
| 712 | 0 | 2 |
_aВитебский пед. ин-т _3RU\NLR\AUTH\889922560 |
| 801 | 0 |
_aRU _bNLR _gpsbo |
|
| 801 | 1 |
_aRU _bELAR _2rusmarc |
|
| 852 |
_aNLR _j91-4/8633 |
||
| 942 | _cBOOK | ||
| 980 | _aNB | ||